| 000 | 00617nam a2200193 i 4500 | ||
|---|---|---|---|
| 001 | 101377 | ||
| 003 | ES-MaACL | ||
| 005 | 20250829062547.0 | ||
| 007 | t| | ||
| 008 | 051018s1945 sp ||||1| spa d | ||
| 100 | 1 |
_aMaurois, André, _d1885-1967 _979267 |
|
| 245 | 1 | 0 |
_aSiempre ocurre lo inesperado _b: cuentos y relatos / _cAndré Maurois, [seud.] de Emile Herzog; [traducción del francés por P. Elías]. |
| 250 | _a[1ª ed.]. | ||
| 260 |
_aBarcelona : _bAymá, _c1945. |
||
| 300 |
_a154 p., 3 h. ; _c20 cm. |
||
| 700 | 1 |
_aElías, P. _946970 |
|
| 852 |
_aES-MaACL _jB-10082 _bR.21570 |
||
| 999 |
_c101377 _d101377 |
||